000 00563nmm a2200241 a 4500
003 AR-BaBNM
005 20251128211343.0
008 114020s1997 ||||||||||||||000 | spa||
020 _a950-506-281-8
040 _cAR-BaBNM
100 1 _aTorres Agüero, Leopoldo
245 1 0 _aNotas
250 _a1ª ed.
260 _aBuenos Aires
_bEdicial
_c1997
300 _a117 p.
650 4 _aPINTORES
653 0 _aTEORIA DEL ARTE
653 _aMEMORIAS
655 _aLITERATURA
700 1 _aSquirru, Rafael
_eprologuista
942 _cBK
998 _cmartin
999 _c19301
_d19301